000 00625nam a2200241 a 4500
003 AR-BaBNM
005 20251128204854.0
008 082120s2002 ||||||||||||||000 | spa||
020 _a950-843-149-0
040 _cAR-BaBNM
100 1 _aBeherán, María Laura
245 0 0 _aEl peso específico de mi alma
260 _aBuenos Aires
_bVinciguerra
_c1996
300 _a51 p.
500 _aEsta obra fue publicada con el apoyo del Fondo Nacional de las Artes
650 4 _aLITERATURA ARGENTINA
650 4 _aPOESIA
650 4 _aAMOR
650 4 _aAMISTAD
655 _aLITERATURA
942 _cBK
998 _cisola
999 _c9130
_d9130